01086 2200217 4500001002100000005001500021035002000036007000300056008004100059082001100100084001700111100002200128245006600150260004900216300002800265650001100293650000900304650001400313520052700327990001400854INLIS00000000000593120260601104516 a0010-0626000001ta260601 g 0 dut  a553.45 a553.45 BRO t0 aBROEK, J. van den1 aOnze koloniale mijnbouw : IV. Tinmijnbouw /cJ. van den Broek aHaarlem :bH.D. Tjeenk Willink & Zoon,c1921 a68 p. :bill. ;c22 cm. 4aMINING 4aTINS 4aINDONESIA aOnze Koloniale Mijnbouw IV: Tinmijnbouw merupakan salah satu seri yang membahas perkembangan pertambangan di Hindia Belanda dengan fokus pada industri timah. Buku ini menguraikan kondisi geologi daerah penghasil timah, teknik penambangan dan pengolahan bijih, serta peranan industri timah dalam perekonomian kolonial. Selain menyajikan aspek teknis pertambangan, publikasi ini juga memberikan gambaran mengenai pengelolaan sumber daya alam dan kebijakan pemerintah kolonial terhadap sektor pertambangan timah pada masanya. a0503/2025